[Event "FIDE Chesscom Online Nations Cup"]
[Site "Online"]
[Date "2020.05.08"]
[Round "8"]
[White "Vidit, Santosh Gujrathi"]
[Black "Aronian, Levon"]
[Result "1-0"]
[WhiteElo "2636"]
[BlackElo "2778"]
[Annotator "TA"]
[PlyCount "131"]
[EventDate "2020.05.05"]
[EventType "team-tourn"]
[SourceTitle "playchess.com"]
[Source "ChessBase"]
[SourceQuality "1"]
[WhiteTeam "India"]
[BlackTeam "Europe"]
[WhiteTeamCountry "IND"]
[BlackTeamCountry "ARM"]

{[%evp 10,131,0,0,0,0,0,0,4,15,16,5,11,9,10,0,16,0,0,0,0,0,0,-17,0,0,-6,-72,0,0,0,0,0,0,0,0,0,0,57,60,56,37,41,34,46,0,0,0,0,0,14,0,91,91,91,91,91,63,80,76,100,83,86,0,39,47,59,59,45,164,177,193,436,433,426,418,339,137,405,405,405,405,397,398,850,1011,1214,1209,1191,1152,1101,658,11585,6095,29949,12672,29952,29957,29965,29965,29976,29977,29979,29979,29978,29979,29978,29971,29969,29971,29966,29972,29973,29974,29974,29974,29975,29976,29977,29978,29986,29978,29978,29978]} 1. d4 Nf6 2. c4 e6 3. Nc3 Bb4 4. f3 d5 5. a3 Be7 6. e4 dxe4 {E20: Nimzo-Indian: 4 g3 and 4 f3.} 7. fxe4 c5 8. d5 exd5 {The position is equal.} 9. exd5 O-O 10. Be2 $1 {[%mdl 4] is now more promising than 10.Nf3. Played by Fabiano Caruana in March 2020.} Re8 11. Nf3 Bg4 12. O-O Nbd7 13. d6 Bf8 14. h3 Bh5 15. Nb5 {[%cal Bc3b5,Bb5c7,Bc7d5][%mdl 32] [#]} Rb8 $146 ({Predecessor:} 15... Re6 16. Bf4 a6 17. Nc7 Re4 18. Bh2 Rc8 19. g4 Bxg4 20. hxg4 Nxg4 21. Bd3 Nxh2 22. Bxe4 Nxf1 23. Qxf1 Bxd6 {1-0 (34) Caruana,F (2842)-Alekseenko,K (2698) Ekaterinburg 2020}) 16. Bf4 a6 17. Nc7 Re4 18. Bg3 Bxf3 ({Black should try} 18... Nb6 $1 $17) 19. Bxf3 $11 ({Much weaker is} 19. Rxf3 Rd4 $17) 19... Rd4 20. Qe1 $1 Bxd6 21. Nd5 $1 Bxg3 22. Qxg3 Kh8 23. Rad1 Qf8 (23... Rc8 $11) 24. Rxd4 $14 cxd4 25. b4 Nxd5 26. Bxd5 Nf6 27. Qe5 Nxd5 28. cxd5 $11 {[%mdl 4096] Endgame Hoping for Rxf7! KQR-KQR} f6 29. Qxd4 {Black must now prevent d6.} Rd8 30. Re1 h6 (30... Qd6 $11) 31. Re6 $16 {d6 is the strong threat.} Qf7 {Threatens to win with ...Qxe6!} 32. Qe4 Qc7 33. a4 Kg8 34. Re7 Qb6+ 35. Kh1 {White threatens Qg6! and mate.} Qd6 36. a5 $40 {[%mdl 128] White has some attack.} (36. Rxb7 $16 {aiming for Qg4!} Qxd5 37. Qe7 Qd1+ {[%mdl 64] Double Attack} 38. Kh2 Qd6+ 39. Qxd6 Rxd6 40. Kg3) 36... f5 37. Qe6+ Qxe6 38. dxe6 $14 {KR-KR} Rd1+ ({Black should play} 38... Rd6 $1 $14) 39. Kh2 $18 Re1 40. Kg3 Re4 $2 (40... g5 {was called for.} 41. h4 (41. Rxb7 Re3+ 42. Kf2 Rxe6 $16) 41... Kf8 42. Rxb7 Rxe6) 41. Rxb7 Rxe6 42. Kf4 g6 {[#]} 43. Kf3 (43. g4 $1 $18 {and the rest is easy.}) 43... Kf8 $2 {[%mdl 8192] [#] Black cannot hold the game after this.} (43... g5 $16 {was worth a try.} 44. g3 Kf8) 44. Rb6 $1 {[%cal Rb6e6]} Re4 45. Rxa6 Rxb4 46. Rxg6 Rb5 $2 (46... Rb3+ 47. Kf2 Rb5) 47. a6 h5 48. Kf4 Kf7 49. Rc6 h4 50. Kg5 Rb2 51. Kxf5 Rf2+ 52. Kg4 Rxg2+ 53. Kxh4 {White mates.} Rg1 54. Kh5 Rg3 55. h4 Kg7 56. Rc7+ Kf6 57. a7 Ra3 58. Kg4 Ra4+ 59. Kf3 Kg6 60. Ke3 Kh5 61. Kd3 Ra1 62. Kd4 Kxh4 63. Kc5 Kg5 64. Kb6 Kf6 65. Kb7 Rb1+ 66. Kc8 {Accuracy: White = 88%, Black = 66%.} 1-0

[Event "FIDE Chesscom Online Nations Cup"]
[Site "Online"]
[Date "2020.05.08"]
[Round "8"]
[White "Hou, Yifan"]
[Black "Goryachkina, Aleksandra"]
[Result "1-0"]
[WhiteElo "2621"]
[BlackElo "2502"]
[Annotator "TA"]
[PlyCount "73"]
[EventDate "2020.05.05"]
[EventType "team-tourn"]
[SourceTitle "playchess.com"]
[Source "ChessBase"]
[SourceQuality "1"]
[WhiteTeam "China"]
[BlackTeam "Russia"]
[WhiteTeamCountry "CHN"]
[BlackTeamCountry "RUS"]

{[%evp 15,73,0,39,-20,-18,-14,14,0,0,0,0,0,6,10,9,13,19,0,18,7,27,20,72,73,66,73,94,90,110,102,107,100,162,166,263,225,339,322,407,439,403,405,373,341,371,438,432,420,703,691,783,797,4710,4686,4678,4132,1304,1129,927,902]} 1. e4 e6 2. d4 d5 3. Nc3 Bb4 4. Qd3 dxe4 5. Qxe4 Nf6 6. Qh4 c5 7. dxc5 Bxc3+ 8. bxc3 Qc7 9. Be3 {C15: French: 3 Nc3 Bb4: Unusual White 4th moves.} (9. Bd3 $14) 9... Nbd7 10. Nf3 {[#]} Nxc5 $146 ({Predecessor:} 10... e5 11. Qc4 O-O 12. Be2 Re8 13. Ng5 Nf8 14. Bf3 Bf5 15. Ne4 Nxe4 16. Bxe4 Bxe4 17. Qxe4 {½-½ (42) Westphal,W-Woll,W Mecklenburg VP 1993}) 11. Qg3 {The position is equal.} Qxg3 12. hxg3 b6 13. a4 {[%cal Ba2a4,Ba4a5][%mdl 32]} O-O 14. a5 $36 {[%mdl 2048] [#] Hoping for axb6. Black is under pressure.} Bb7 15. Ne5 Be4 16. Nd3 Nd5 17. Bxc5 bxc5 18. c4 Nb4 (18... Nf6 $11 {remains equal.}) 19. Nxb4 $16 cxb4 20. Bd3 Bg6 {Black is on the road to losing.} ({Avoid the trap} 20... Bxg2 $2 21. Rh2 $18) 21. Ke2 Rfc8 22. Rhb1 f5 23. Rxb4 e5 (23... Rc7 $16) 24. Ke3 $18 Rc5 (24... a6 $142 25. Rb7 Rc5) 25. a6 Rd8 (25... e4 $142) 26. Rb5 f4+ 27. gxf4 exf4+ 28. Kxf4 Rc6 29. Ke3 Bf7 30. Rb7 Bxc4 31. Rxa7 Bxd3 (31... Re6+ $142 32. Kd2 Kf8) 32. cxd3 {KRR-KRR. White is clearly winning.} Rc3 33. Rb7 Rcxd3+ 34. Ke2 Rd2+ 35. Ke1 Rc2 36. a7 Re8+ 37. Kf1 {Accuracy: White = 96%, Black = 50%.} 1-0

[Event "FIDE Chesscom Online Nations Cup"]
[Site "Online"]
[Date "2020.05.08"]
[Round "8"]
[White "Cori, Jorge"]
[Black "So, Wesley"]
[Result "0-1"]
[WhiteElo "2599"]
[BlackElo "2741"]
[Annotator "TA"]
[PlyCount "86"]
[EventDate "2020.05.05"]
[EventType "team-tourn"]
[SourceTitle "playchess.com"]
[Source "ChessBase"]
[SourceQuality "1"]
[WhiteTeam "World"]
[BlackTeam "United States"]
[WhiteTeamCountry "PER"]
[BlackTeamCountry "USA"]

{[%evp 11,86,10,16,25,24,24,29,31,22,14,14,1,12,11,7,0,0,-14,-6,-12,-12,-13,-11,-17,0,-12,-7,-12,-5,-4,-6,-6,-9,-12,-9,-11,-22,-25,-1,-18,0,-5,0,-11,-11,-11,-12,-166,-166,-204,-196,-284,-284,-278,-272,-318,-311,-385,-386,-396,-384,-364,-377,-363,-366,-478,-422,-505,-505,-505,-472,-480,-475,-469,-392,-566,-447]} 1. d4 Nf6 2. Nf3 d5 3. c4 e6 4. Nc3 Be7 5. Bg5 h6 6. Bh4 dxc4 7. e3 {D53: Queen's Gambit Declined: 4 Bg5 Be7: Early deviations.} c5 8. Bxc4 cxd4 9. Nxd4 {White has an edge.} Bd7 10. O-O O-O 11. Qe2 Nc6 12. Rfd1 Qb6 {[#]} 13. Bg3 $146 ({Predecessor:} 13. Nf3 Rfd8 14. e4 Be8 15. e5 Nd7 16. Bxe7 Nxe7 17. Rd6 Qa5 18. Rad1 Nf5 19. R6d2 {1-0 (41) Nakamura,H (2761)-Radjabov,T (2759) Moscow 2019}) 13... Nxd4 14. Rxd4 Rfd8 15. Rad1 Bc6 16. h3 Rxd4 17. Rxd4 Rd8 18. Rxd8+ Qxd8 19. Bb5 Qd7 20. Bxc6 Qxc6 21. Qd3 a6 22. Bh4 b5 (22... g5 $5 23. Bg3 $8 Nd7 $11) 23. b3 g5 24. Bg3 Nd7 25. Ne2 Nc5 26. Qd4 Ne4 27. f3 Nxg3 28. Nxg3 Qc1+ 29. Kh2 $2 {This costs White the game.} (29. Nf1 $11 {and White has nothing to worry.}) 29... Qc7 $19 30. f4 {[#]} Bc5 $1 {[%cal Rc5d4]} 31. Qc3 (31. Qd3 {was necessary.}) 31... gxf4 32. Ne4 fxe3+ 33. g3 Bd6 34. Qxe3 Qc2+ 35. Kh1 Qb1+ 36. Kg2 Qxa2+ 37. Kf3 Be7 38. Qc3 Qb1 39. Qc8+ Kh7 40. Qe8 Qd3+ 41. Kf2 Kg7 ({Less strong is} 41... Qxe4 42. Qxf7+ Kh8 43. Qxe7 $15) 42. Qxe7 Qxe4 43. b4 (43. Qc5 $142) 43... Qd4+ {Accuracy: White = 60%, Black = 100%.} 0-1

[Event "FIDE Chesscom Online Nations Cup"]
[Site "Online"]
[Date "2020.05.08"]
[Round "8"]
[White "Koneru, Humpy"]
[Black "Muzychuk, Anna"]
[Result "1/2-1/2"]
[WhiteElo "2483"]
[BlackElo "2533"]
[Annotator "TA"]
[PlyCount "137"]
[EventDate "2020.05.05"]
[EventType "team-tourn"]
[SourceTitle "playchess.com"]
[Source "ChessBase"]
[SourceQuality "1"]
[WhiteTeam "India"]
[BlackTeam "Europe"]
[WhiteTeamCountry "IND"]
[BlackTeamCountry "UKR"]

{[%evp 11,137,10,6,0,0,-25,-23,-20,-31,-45,0,-37,-31,-31,-24,-78,-22,-29,-39,-22,-25,-43,-16,-20,0,-54,-37,-45,-11,-66,17,13,42,17,23,25,47,52,57,31,34,23,30,35,53,47,49,49,72,62,91,69,70,53,48,46,65,65,66,46,69,37,35,33,33,38,79,46,43,44,47,55,70,76,287,27,41,0,260,24,31,22,69,58,86,36,69,77,143,144,144,144,141,145,156,166,194,101,188,0,192,183,223,108,108,108,109,60,62,41,106,28,41,41,43,9,89,89,89,0,0,0,0,0,0,0,0,0]} 1. d4 d5 2. c4 c6 3. Nf3 Nf6 4. e3 Bg4 5. cxd5 cxd5 6. Nc3 e6 7. Qb3 {D13: Slav Defence: Exchange variation without ...Bf5.} Bxf3 8. gxf3 Qd7 9. Bb5 {Black has an edge.} Nc6 {[#]} 10. Na4 $146 ({Predecessor:} 10. Rg1 Rc8 11. Na4 Qd6 12. Bd2 Qxh2 13. Ke2 h5 14. Rac1 h4 15. Qd3 Be7 16. Rh1 {1-0 (39) Istratescu,A (2633)-Graf,F (2378) Deizisau 2012}) 10... Bb4+ 11. Kf1 Bd6 12. Bd2 O-O 13. Rc1 (13. Kg2 $11 {remains equal.}) 13... Rfc8 (13... e5 $17 {Threatens to win with ...Qh3+.} 14. Kg2 e4) 14. Kg2 $11 Qe7 15. Bxc6 bxc6 16. Qd3 e5 17. dxe5 Qxe5 18. Bc3 (18. h4 $11) 18... Qg5+ $15 19. Kf1 Qh4 20. b3 (20. Rg1 $11) 20... Nd7 (20... Qh3+ $15 21. Ke2 Nd7) 21. Qf5 $36 {[%mdl 2048] Black must now prevent Rg1! Black is under pressure.} Qe7 22. Rg1 g6 23. h4 Be5 24. h5 Re8 25. Bxe5 Nxe5 26. Rg3 Qh4 27. Qh3 Qxh3+ 28. Rxh3 Rac8 29. Nc5 Re7 30. hxg6 hxg6 31. Kg2 Kg7 32. f4 Nd7 33. Rhh1 Kf6 34. Kf3 Nxc5 35. Rxc5 $14 {[%mdl 4096] Endgame KRR-KRR} Ke6 36. Rhc1 Kd6 37. b4 Rb7 38. a3 Rcc7 39. f5 gxf5 40. Kf4 a6 41. Kxf5 Rb5 42. Kf6 Rb8 $2 {[#]} (42... Rc8 $16) 43. Ra5 $2 ({Only move:} 43. e4 $1 $18 {[%mdl 512]}) 43... Ra7 $11 44. Rac5 $2 (44. e4 $14) 44... Rc7 $18 {[#]} 45. Rh1 $2 (45. e4 $1 $18 {[%mdl 512]}) 45... Rg8 46. Rh6 Rg2 47. Kf5+ Kd7 48. Rc2 Rc8 49. Rf6 Rg7 (49... Ke7 $142) 50. Rc5 $16 Rh7 51. Kf4 Rh4+ 52. Kf3 Rh7 53. Ke2 Rg7 54. Ra5 (54. Kd3 $18) 54... Ra8 (54... Ke7 $16 {might work better.} 55. Rh6 Rg6 56. Rxg6 fxg6 57. Rxa6 Kd7) 55. Rc5 Rc8 56. Kd3 Rh7 57. Ra5 (57. f4 $18 {has better winning chances.}) 57... Ke7 58. Rf4 Ra8 59. a4 Rh6 60. b5 c5 (60... cxb5 $1 $14 61. axb5 Rb6) 61. bxa6 ({White should play} 61. e4 $16) 61... Rhxa6 62. Rxc5 {aiming for Rc7+.} Rxa4 63. Rc7+ Kd6 (63... Ke6 $1 $11 {keeps the balance.}) 64. Rfxf7 Ra2 65. Rfd7+ (65. Rc3 $16) 65... Ke6 $11 {The position is equal.} 66. Re7+ Kd6 {...R8a3+ is the strong threat.} 67. Red7+ Ke6 68. Re7+ Kd6 {And now ...R8a3+ would win.} 69. Red7+ {Black defended with fortune. Accuracy: White = 63%, Black = 64%.} 1/2-1/2

[Event "FIDE Chesscom Online Nations Cup"]
[Site "Online"]
[Date "2020.05.08"]
[Round "8"]
[White "Krush, Irina"]
[Black "Muzychuk, Mariya"]
[Result "1/2-1/2"]
[WhiteElo "2392"]
[BlackElo "2506"]
[Annotator "TA"]
[PlyCount "65"]
[EventDate "2020.05.05"]
[EventType "team-tourn"]
[SourceTitle "playchess.com"]
[Source "ChessBase"]
[SourceQuality "1"]
[WhiteTeam "United States"]
[BlackTeam "World"]
[WhiteTeamCountry "USA"]
[BlackTeamCountry "UKR"]

{[%evp 24,65,38,29,38,38,33,18,8,9,7,2,6,6,14,5,9,10,17,23,19,5,7,7,7,7,10,7,7,7,7,7,7,7,7,7,7,7,7,7,7,7,7,7]} 1. d4 Nf6 2. c4 g6 3. Nc3 d5 4. cxd5 Nxd5 5. e4 Nxc3 6. bxc3 Bg7 7. Bc4 c5 8. Ne2 Nc6 9. Be3 O-O 10. O-O Bg4 11. f3 Bd7 12. Rc1 cxd4 13. cxd4 b5 {D88: Exchange Grünfeld: Classical Line: 10 Be3 cxd4 11 cxd4.} 14. Bxb5 Nxd4 $1 {[#]} 15. Bxd7 $146 ({Predecessor:} 15. Nxd4 Bxd4 16. Bxd4 Bxb5 17. Re1 a6 18. a4 Bd7 19. Bc5 {½-½ (19) Dedina,M (2354)-Schaub,M (2291) ICCF email 2017}) 15... Nxe2+ 16. Qxe2 Qxd7 17. Rfd1 Qb7 18. Rb1 Qc6 19. Rdc1 Qd7 20. Qb5 Rfd8 21. Qxd7 Rxd7 22. Rd1 {The position is equal.} Rxd1+ 23. Rxd1 $11 {[%mdl 4096] Endgame KRB-KRB} a5 24. Rd7 e6 25. Ra7 Rxa7 26. Bxa7 {KB-KB} Kf8 27. Kf2 Ke7 28. Ke2 Kd6 29. Kd3 Kc6 30. Kc4 Be5 31. h3 h5 32. a4 Bd6 33. Be3 {Accuracy: White = 100%, Black = 100%.} 1/2-1/2

[Event "FIDE Chesscom Online Nations Cup"]
[Site "Online"]
[Date "2020.05.09"]
[Round "9"]
[White "Nakamura, Hikaru"]
[Black "Vachier-Lagrave, Maxime"]
[Result "1/2-1/2"]
[WhiteElo "2829"]
[BlackElo "2860"]
[Annotator "TA"]
[PlyCount "76"]
[EventDate "2020.05.05"]
[EventType "team-tourn"]
[SourceTitle "playchess.com"]
[Source "ChessBase"]
[SourceQuality "1"]
[WhiteTeam "United States"]
[BlackTeam "Europe"]
[WhiteTeamCountry "USA"]
[BlackTeamCountry "FRA"]

{[%evp 13,76,14,15,22,16,19,34,13,30,22,41,0,0,0,35,21,37,1,13,2,0,0,0,0,0,-21,0,-18,0,0,0,-24,-27,-49,-49,-43,-43,-55,-29,-50,-49,-54,-41,-78,-78,-78,-68,-71,-69,-72,-69,-302,-84,-78,-56,-82,-6,-14,-1,-47,-14,-24,0,-45,0]} 1. d4 d5 2. c4 c6 3. Nc3 Nf6 4. cxd5 cxd5 5. Bf4 Nc6 6. e3 Bf5 7. Qb3 Na5 8. Qa4+ {D10: Slav Defence: 3 cxd5 (without early Nf3) and 3 Nc3.} Bd7 9. Qc2 e6 10. Bd3 {White is slightly better.} Bb4 {10...Be7 is setting a new trend.} 11. Nf3 Nh5 12. Be5 f6 13. Bg3 f5 {[#]} 14. a3 $146 ({Predecessor:} 14. O-O Nxg3 15. hxg3 Rc8 16. Rac1 Bd6 17. Qe2 h5 18. Ne5 Nc6 19. f4 Nxe5 20. fxe5 {½-½ (33) Stavropoulos,K (2001)-Zherebtsova,A (2203) Rhodes 2019}) 14... Be7 15. O-O Rc8 16. Qe2 O-O 17. Rac1 Nxg3 18. hxg3 Bd6 19. Bb5 Nc6 20. Rc2 g5 21. Bxc6 Rxc6 22. Rfc1 g4 23. Ne1 h5 24. Nd3 h4 25. Nf4 Rf7 26. Na2 Rxc2 27. Rxc2 Qf6 {Threatens to win with ...hxg3.} 28. Rd2 Rh7 29. Nc3 a6 30. Rd1 Kf7 31. Qc2 Qh6 {aiming for ...h3.} 32. a4 $2 {[#]} (32. Kf1 $15) 32... Rh8 $2 ({Weaker is} 32... hxg3 33. fxg3 Qf8 34. Kf2 $15) (32... h3 $1 $19 {and Black stays clearly on top.} 33. gxh3 Bxf4) 33. Nce2 Qf6 34. b3 Rh6 (34... b5 $17) 35. Rc1 Qh8 36. Qd2 Rh7 37. Qc2 Rh6 38. Qd2 Rh7 {Accuracy: White = 76%, Black = 79%.} 1/2-1/2

[Event "FIDE Chesscom Online Nations Cup"]
[Site "Online"]
[Date "2020.05.09"]
[Round "9"]
[White "Aronian, Levon"]
[Black "Caruana, Fabiano"]
[Result "1/2-1/2"]
[WhiteElo "2778"]
[BlackElo "2773"]
[Annotator "TA"]
[PlyCount "153"]
[EventDate "2020.05.05"]
[EventType "team-tourn"]
[SourceTitle "playchess.com"]
[Source "ChessBase"]
[SourceQuality "1"]
[WhiteTeam "Europe"]
[BlackTeam "United States"]
[WhiteTeamCountry "ARM"]
[BlackTeamCountry "USA"]

{[%evp 15,153,28,25,18,25,0,0,7,9,13,13,8,25,41,48,35,32,66,29,31,43,21,116,100,121,19,33,0,0,0,0,0,0,0,-12,0,0,-34,0,-43,-36,-62,-53,-53,-57,-63,-64,-78,-37,-51,-42,-61,-52,-68,-33,-118,-120,-127,-123,-127,-124,-110,-60,-35,-51,-73,-26,-37,-2,-2,-2,-2,-2,-3,-3,-3,-4,-4,-8,-7,0,-19,-19,-30,-14,-24,-24,-24,-24,-24,-24,-24,-20,-20,-20,-24,-20,-24,-24,-24,-24,-24,-24,-24,-11,-11,-11,-20,-20,-20,-20,-24,-24,-24,-24,-28,-16,-20,-20,-24,-24,-24,-16,-28,-16,-28,-18,-18,-18,-18,8,0,0,0,0,0,0,0,8,8]} 1. e4 e5 2. Nf3 Nc6 3. Bb5 a6 4. Ba4 Nf6 5. O-O b5 6. Bb3 Bb7 7. d3 Be7 8. Nc3 {[%cal Bb1c3,Bc3e2,Be2g3,Bg3f5][%mdl 32]} d6 9. a3 {C84: Closed Ruy Lopez: Unusual White 6th moves.} O-O 10. Ne2 Qd7 11. Ng3 Nd8 {[#]} 12. Nf5 $146 ({Predecessor:} 12. Ba2 c5 13. b4 Ne6 14. Re1 Rae8 15. c4 Bd8 16. h3 Bb6 17. Be3 Qd8 18. Qd2 bxc4 19. Bxc4 {0-1 (42) Wei,Y (2734)-Yu,Y (2759) Ningbo 2018}) 12... Ne6 13. Ng5 Bd8 14. f4 Nxf4 15. Bxf4 exf4 16. Rxf4 h6 17. Nh3 Kh8 18. Qf3 d5 (18... c5 $1 $11) 19. e5 $16 Nh7 {[#]} 20. d4 (20. Qg3 $1 $16 {[%csl Gf5][%cal Rg3g7]} Rg8 21. d4) 20... Bg5 $1 $11 {[%cal Rg5f4]} 21. Qg4 ({But not} 21. Nxg5 hxg5 22. Rg4 f6 $15) 21... g6 22. Nxh6 $1 Qxg4 23. Nxg4 Bxf4 24. Nxf4 Bc8 25. Nf2 c6 26. c3 (26. a4 $5 {[%cal Ra4b5]}) 26... Kg7 27. Bc2 Ng5 28. Re1 Bd7 29. Re3 Rh8 30. Rg3 Ne6 31. N4d3 Rh4 32. Bd1 c5 33. Nxc5 Nxc5 34. dxc5 Re8 35. Re3 ({White should try} 35. Ng4 $1 $15) 35... d4 $17 36. cxd4 Rxd4 37. b4 {[#]} a5 $1 {[%mdl 512]} 38. bxa5 Ra8 39. Bf3 $1 {[%cal Rf3a8]} Rxa5 40. c6 Be6 {Threatens to win with ...Rda4.} 41. Ne4 b4 42. axb4 Rxe5 {And now ...f5 would win.} 43. Rc3 $132 {[%mdl 2048] White is fighting back} Bc8 44. Ra3 Rxb4 45. Nd6 Be6 46. c7 Rb1+ 47. Kf2 Rc1 48. Ra7 Rec5 49. h3 Kh6 50. Nxf7+ (50. c8=R {with more complications.} Bxc8 51. Nxf7+ Kg7 52. Nd6+ Kf8 53. Nxc8 Rxc8 54. Be4) 50... Bxf7 {[#]} 51. c8=Q $1 {[%mdl 512] Qh8+ would kill now.} Rxc8 52. Rxf7 $11 {[%mdl 4096] Endgame KRR-KRB} R8c4 53. Kg3 Rc7 (53... Rb1 {feels hotter.} 54. Rf4 Rc5 55. h4 Rb6 56. Rf7 Rc3) 54. Rxc7 Rxc7 {KR-KB} 55. h4 Kg7 56. Kh3 Kf6 57. g3 Rc3 58. Be4 {[#]} Re3 $1 59. Bc6 Kf5 60. Bd7+ Ke5 61. Kg4 Kf6 62. Bc6 Rc3 63. Bb7 Rc4+ 64. Kh3 Ke5 65. Bf3 Kd4 66. Kg2 Ke3 67. Bb7 Rb4 {( -> ...Rb2+)} 68. Bc6 Rb2+ 69. Kg1 Ke2 70. Be4 Rb4 71. Bxg6 {The position is equal.} Kf3 72. Kh2 Kf2 73. Kh3 Rb3 74. Kg4 Rxg3+ 75. Kf5 Rh3 76. h5 Rxh5+ 77. Bxh5 {Accuracy: White = 86%, Black = 87%.} 1/2-1/2

[Event "FIDE Chesscom Online Nations Cup"]
[Site "Online"]
[Date "2020.05.09"]
[Round "9"]
[White "Radjabov, Teimour"]
[Black "Artemiev, Vladislav"]
[Result "1-0"]
[WhiteElo "2758"]
[BlackElo "2769"]
[Annotator "TA"]
[PlyCount "117"]
[EventDate "2020.05.05"]
[EventType "team-tourn"]
[SourceTitle "playchess.com"]
[Source "ChessBase"]
[SourceQuality "1"]
[WhiteTeam "World"]
[BlackTeam "Russia"]
[WhiteTeamCountry "AZE"]
[BlackTeamCountry "RUS"]

{[%evp 15,117,7,16,13,13,0,4,-2,0,-4,-14,-15,-15,-18,-25,-24,0,0,4,11,33,33,33,40,40,35,35,28,129,126,120,109,151,149,149,156,162,158,160,158,146,156,159,170,171,168,175,183,223,217,247,252,252,251,260,254,283,262,376,377,465,463,519,513,502,491,527,458,461,459,515,510,770,763,740,724,697,685,861,819,1127,1060,1778,1739,1568,1558,5527,5618,5658,5410,3360,3154,2429,2319,1629,1333,29970,29969,29972,29973,29978,29977,29976,29980]} 1. e4 c6 2. Nf3 d5 3. Nc3 dxe4 4. Nxe4 Nf6 5. Nxf6+ exf6 6. d4 Bd6 7. Bd3 O-O 8. O-O Re8 9. h3 {B15: Caro-Kann: 3 Nc3: 3...g6 and 3...dxe4 4 Nxe4 Nf6 5 Nxf6+ exf6.} Nd7 {[%cal Bb8d7,Bd7f8,Bf8g6,Bg6f4][%mdl 32]} 10. c3 Nf8 11. Qc2 {The position is equal.} Be6 12. Re1 Qd7 13. Be3 Ng6 14. Bf1 Bd5 {[#]} 15. Qd1 $5 $146 {[%mdl 8] New and interesting.} ({Predecessor:} 15. Nd2 f5 16. c4 Be6 17. Nf3 f4 18. Bd2 Bf5 19. Qc3 {½-½ (53) Kholmov,R (2465)-Zaitseva,L (2360) Moscow 1997}) 15... Nf4 16. Nd2 Qf5 {[#] Hoping for ...Nxh3+!} 17. Qg4 Be6 18. Qxf5 Bxf5 19. Nc4 $36 {[%mdl 2048] Black is under pressure.} Bc7 20. Bxf4 Bxf4 21. Na5 Be6 {White leaves nothing to chance now.} (21... Reb8 $11) 22. Nxb7 $16 Rab8 23. Nc5 Kf8 24. g3 Bd6 25. b4 Re7 26. Bg2 Rc8 27. a3 f5 28. Re2 Rcc7 29. Rae1 Bc8 30. Rxe7 Bxe7 31. Nd3 Bd7 32. Re5 Bd8 33. Ra5 Be8 34. Rxf5 f6 35. Rc5 g5 36. Bf3 Re7 (36... Rc8 $142 37. Rc4 Ke7) 37. Bxc6 $18 Bb6 38. Rf5 Bg6 39. Rxf6+ Kg7 40. Rf3 Bc7 41. Ne5 Bxe5 42. dxe5 Rxe5 43. Re3 Rxe3 (43... Kf6 $142 44. c4 Rxe3 45. fxe3 Ke5) 44. fxe3 {[%mdl 4096] Endgame KB-KB} Kf6 45. Kf2 Ke5 46. a4 {[%cal Ba3a4,Ba4a5][%mdl 32]} Bf5 47. h4 gxh4 48. gxh4 Be6 49. a5 Bc4 50. Kg3 Bd3 51. Kg4 Kd6 52. Bf3 Ke5 53. Kg5 Bc4 54. h5 Bd3 55. Bc6 Bc4 56. Bd7 {White mates.} Bd3 57. b5 Be4 58. b6 axb6 59. axb6 {Accuracy: White = 100%, Black = 54%.} 1-0

[Event "FIDE Chesscom Online Nations Cup"]
[Site "Online"]
[Date "2020.05.09"]
[Round "9"]
[White "Wei, Yi"]
[Black "Harikrishna, Pentala"]
[Result "1/2-1/2"]
[WhiteElo "2752"]
[BlackElo "2690"]
[Annotator "TA"]
[PlyCount "62"]
[EventDate "2020.05.05"]
[EventType "team-tourn"]
[SourceTitle "playchess.com"]
[Source "ChessBase"]
[SourceQuality "1"]
[WhiteTeam "China"]
[BlackTeam "India"]
[WhiteTeamCountry "CHN"]
[BlackTeamCountry "IND"]

{[%evp 24,62,44,41,60,50,46,37,45,33,39,24,41,29,27,27,64,59,62,54,52,59,45,0,0,0,57,58,88,75,75,75,75,75,69,12,41,12,12,12,14]} 1. Nf3 d5 2. b3 Nf6 3. Bb2 e6 4. c4 c5 5. cxd5 exd5 6. g3 Nc6 7. Bg2 Be7 8. d4 O-O 9. O-O Re8 10. Nc3 Bg4 11. dxc5 Bxc5 12. Rc1 Bf8 13. h3 Bh5 {D34: Tarrasch Defence: 6 g3 Nf6 7 Bg2 Be7.} 14. Re1 Rc8 15. e3 {[#]} Qa5 $146 {White is slightly better.} ({Predecessor:} 15... h6 16. Ne2 Bb4 17. Rf1 Bg6 18. Nf4 Be4 19. Bxf6 Qxf6 20. Nxd5 Qb2 21. Nxb4 Nxb4 22. Rxc8 Rxc8 {1-0 (31) Adamowicz,M (2046)-Zolnierowicz,K (2167) Lazy 2013}) 16. g4 Bg6 17. Nh4 d4 18. Nxg6 hxg6 19. Bxc6 Rxc6 20. Qxd4 Bb4 {[#] And now ...Rd8 would win.} 21. Red1 Rd6 22. Qc4 Rc6 23. Qd4 Rd6 24. Qc4 Rc6 $1 {[%cal Rc6c4]} 25. Qd3 $1 Bxc3 26. Rxc3 Qxa2 27. Rxc6 bxc6 28. Bxf6 gxf6 $14 {KQR-KQR} 29. Qc4 (29. Qc3 $14) 29... Rb8 $11 30. Rd7 Qxb3 31. Qxb3 Rxb3 {Accuracy: White = 85%, Black = 86%.} 1/2-1/2